| 000 | 01368nam a22003617a 4500 | ||
|---|---|---|---|
| 003 | OSt | ||
| 005 | 20230420102540.0 | ||
| 008 | 221006b |||||||| |||| 00| 0 eng d | ||
| 040 | _cBiblioteca Lado V | ||
| 082 |
_a700 _bZ39a |
||
| 100 |
_9802 _aZaya, Antonio _eeditor _edirector |
||
| 245 |
_aAtalantica/ _bRevista de Arte y Pensamiento | Especial/ |
||
| 260 |
_bCentro Atlantico de Arte Moderno _c2002 _aEspaña |
||
| 300 |
_c24x30cm _a145p. |
||
| 366 | _efre | ||
| 366 | _eeng | ||
| 490 |
_v2002 _x1132-8428 _a33 |
||
| 505 | _tSergio Ramirez en conversacion | ||
| 505 | _tLa Colección del CAAM. Una Selección | ||
| 505 | _tIndice de autores en la Colección del CAAM | ||
| 505 | _tIndice de Autores en la Colección APM | ||
| 505 | _tProyectos y Originales de Atlántica | ||
| 650 |
_2Tesauro de Arte & Arquitectura _aARTE _9703 |
||
| 650 |
_2Tesauro de Arte & Arquitectura _aEXPOSICIONES |
||
| 650 |
_2Tesauro de Arte & Arquitectura _aCULTURA |
||
| 650 |
_2Tesauro de Arte & Arquitectura _aAPRECIACION |
||
| 650 |
_2Tesauro de Arte & Arquitectura _aTEORIA |
||
| 650 |
_2Tesauro de Arte & Arquitectura _aCRITICA |
||
| 650 |
_2Tesauro de Arte & Arquitectura _aFOTOGRAFIA _9702 |
||
| 650 |
_2Tesauro de Arte & Arquitectura _aLITERATURA |
||
| 650 |
_2Tesauro de Arte & Arquitectura _aESPAÑA |
||
| 942 |
_2ddc _c1 _h700 _iZ39a _n0 |
||
| 999 |
_c3397 _d3397 |
||